000 00974nam a2200253Ia 4500
003 OSt
005 20220923212502.0
006 a|||||r|||| 00| 0
007 ta
008 220922b |||||||| |||| 00| 0 hin d
024 _a153,448
037 _cTextual
040 _aARTS
_cARTS
_bhin
041 _2hin
_ahin
082 _aO15wM65, 152K7
100 _aचतुर्वेदी, गिरिघर शर्मा; शर्मा, शिवदत्त, संपा.
_9162536
245 0 _aआत्मकथा और संस्मरण
246 _aĀtmakathā aur sansmaraṇa
260 _aवाराणसी
_b शरद प्रकाशन
_c1967
300 _a352पृ.
_ccm.
650 _aसंस्कृत साहित्य
942 _hO15wM65, 152K7
_cTEXL
_2CC
999 _c309092
_d309092